| 000 | 00868 a2200301 4500 | ||
|---|---|---|---|
| 001 | 200425083 | ||
| 003 | TR-AnTOB | ||
| 005 | 20241018104336.0 | ||
| 008 | 160926s2013 tu 000 0 | ||
| 020 | _a9789754648249 | ||
| 040 |
_aTR-AnTOB _beng _erda _cTR-AnTOB |
||
| 041 | 0 | _atur | |
| 050 | 0 | 0 |
_aKKX1704 _b.U43 2014 |
| 090 |
_aKKX1704 _b.U43 2014 |
||
| 100 | 1 |
_aUmar, Bilge _915468 |
|
| 245 | 1 | 0 |
_aHukuk Muhakemeleri Kanunu şerhi / _cBilge Umar. |
| 264 | 1 |
_aAnkara : _bYetkin, _c2014. |
|
| 264 | 4 | _c©2014 | |
| 300 |
_axvii, 1306 pages ; _c25 cm. |
||
| 336 |
_atext _2rdacontent. |
||
| 337 |
_aunmediated _2rdamedia. |
||
| 338 |
_avolume _2rdacarrier. |
||
| 504 | _aIncludes bibliographical references and index. | ||
| 650 | 0 | 0 |
_aCivil procedure _zTurkey _958333 |
| 650 | 0 | 7 |
_aMedeni usul _zTürkiye _2etuturkob _9115852 |
| 942 |
_cBK _2lcc |
||
| 999 |
_c200425083 _d37084 |
||